000 00470nam a22001697a 4500
005 20250529155435.0
008 250529b |||||||| |||| 00| 0 eng d
020 _a9789357461641
082 _a612 R4
100 _aTortora, Gerard J
245 _aPrinciples of Anatomy and Physiology
_cGerard J Tortora; Bryan H Derrickson
250 _a16th
260 _aNew Delhi
_bWiley
_c2024
650 _vPhysiotherapy
_xAnatomy and Physiology
942 _cBK
999 _c249362
_d249362